00333nam a2200109Ia 4500008004100000082000800041100001800049245003800067942000600105952009700111999001500208240331s9999 xx 000 0 und d bPOT aTamilarasan,P 0aThamila samuka viduthalai Iyakkam cL 001040708LaWERCLbWERCLcSSCd2024-03-31l0o 322.42 POTp786r2024-03-31w2024-03-31yL c2401d2401